000 00429nam a22001577a 4500
020 _a81-7450-497-4
082 _a330
_bANW/S
100 _aNATIONAL COUNCIL OF EDUCATIONL RESEARCH AND TRAINING
245 _aSTATISTICS FOR ECONOMICS
_bSOCIAL SCIENCE
246 _aSTATISTICS FOR ECONOMICS
_bSOCIAL SCIENCE
260 _aDELHI
_bNCERT
_c2006
300 _a136
520 _aSOCIAL SCIENCE
650 _aSOCIAL SCIENCE
942 _cBK
999 _c1528
_d1528